Mendicidad=abastos (Record no. 145340)

MARC details
000 -LEADER
campo de control de longitud fija 00656nam a2200169 4500
001 - NÚMERO DE CONTROL
campo de control 145340
003 - IDENTIFICADOR DE NÚMERO DE CONTROL
campo de control ES-MaACL
005 - FECHA Y HORA DE LA ÚLTIMA TRANSACCIÓN
campo de control 20230906201218.0
007 - CAMPO FIJO DE DESCRIPCIÓN FÍSICA--INFORMACIÓN GENERAL
campo de control de longitud fija t|
008 - DATOS DE LONGITUD FIJA--INFORMACIÓN GENERAL
campo de control de longitud fija 070214s1923 sp r ||||1| spa d
100 1# - ENTRADA PRINCIPAL--NOMBRE DE PERSONA
Nombre de persona Soriano Cañas, Federico Rafael.
9 (RLIN) 107390
245 10 - MENCIÓN DEL TÍTULO
Título Mendicidad=abastos
Resto del título : acción municipal en lo referente a estos temas, particularmente en relación al municipio de esta Corte /
Mención de responsabilidad, etc. Federico Rafael Soriano Cañas.
260 ## - PUBLICACIÓN, DISTRIBUCIÓN, ETC.
Lugar de publicación, distribución, etc. Madrid :
Nombre del editor, distribuidor, etc. [s. n.],
Fecha de publicación, distribución, etc. 1923 (
Fabricante Artes Gráficas Casa Faure)
300 ## - DESCRIPCIÓN FÍSICA
Extensión 31 p. ;
Dimensiones 17 cm.
650 #4 - PUNTO DE ACCESO ADICIONAL DE MATERIA--TÉRMINO DE MATERIA
Término de materia o nombre geográfico como elemento de entrada Mendicidad-
Subdivisión geográfica Madrid.
9 (RLIN) 141659
852 ## - LOCALIZACIÓN
Ubicación ES-MaACL
Número de control de estantería 1650-F-6
Nota libre .- Dedicatoria autógrafa del autor
Holdings
Estatus retirado Estado de pérdida Estado de daño No para préstamo Colección Biblioteca de origen Biblioteca actual Ubicación en estantería Fecha de adquisición Fuente de adquisición Total de préstamos Signatura topográfica completa Código de barras Visto por última vez Precio de reemplazo Tipo de ítem Koha
        Colección de folletos Biblioteca del Ateneo de Madrid Biblioteca del Ateneo de Madrid Depósito folletos 17/01/2008     1650-F-6 1151711 23/02/2023 23/02/2023 Folleto